[Event "GER-chT Laender Seniors 50+"]
[Site "Templin"]
[Date "2018.09.13"]
[Round "4.2"]
[White "Schroeder, Christoph"]
[Black "Giesen, Dieter"]
[Result "1/2-1/2"]
[WhiteElo "2169"]
[BlackElo "2187"]
[PlyCount "73"]
[EventDate "2018.09.10"]
[EventType "team-tourn"]
[EventRounds "7"]
[EventCountry "GER"]
[SourceTitle "EXT 2020"]
[Source "ChessBase"]
[SourceDate "2019.10.17"]
[SourceVersion "1"]
[SourceVersionDate "2019.10.17"]
[SourceQuality "1"]
[WhiteTeam "Hamburg"]
[BlackTeam "Rheinland Pfalz"]
[WhiteTeamCountry "GER"]
[BlackTeamCountry "GER"]

1. e4 e5 2. Nc3 Nc6 3. Nf3 Nf6 4. d4 exd4 5. Nxd4 Bb4 6. Nxc6 bxc6 7. Bd3 d5 8. exd5 cxd5 9. 0-0 0-0 10. h3 c6 11. Qf3 Bd6 12. Bf4 Qc7 13. Bxd6 Qxd6 14. Rfe1 Bd7 15. Ne2 Rfe8 16. b3 Re5 17. Ng3 Rae8 18. Rxe5 Qxe5 19. Rd1 g6 20. Ne2 Kg7 21. Qg3 Qxg3 22. Nxg3 c5 23. c4 d4 24. f3 Bc6 25. Kf2 a5 26. Re1 Rxe1 27. Kxe1 Kf8 28. h4 Ke7 29. Ne2 Kd6 30. Kf2 Ke5 31. Nc1 Nh5 32. g3 Ng7 33. a3 Kd6 34. g4 h6 35. Ne2 g5 36. hxg5 hxg5 37. Ng3 1/2-1/2

[Event "GER-ch Seniors 65"]
[Site "Hamburg"]
[Date "2018.07.29"]
[Round "9"]
[White "Giesen, Dieter"]
[Black "Petzold, Hans"]
[Result "1-0"]
[WhiteElo "2190"]
[BlackElo "2042"]
[PlyCount "83"]
[EventDate "2018.07.21"]
[EventType "swiss"]
[EventRounds "9"]
[EventCountry "GER"]
[SourceTitle "CBM 186 Extra"]
[Source "ChessBase"]
[SourceDate "2018.08.24"]
[SourceVersion "1"]
[SourceVersionDate "2018.08.24"]
[SourceQuality "1"]

1. d4 Nf6 2. Nf3 e6 3. Nbd2 c5 4. e3 Nc6 5. c3 cxd4 6. exd4 Be7 7. Bd3 Qc7 8. 0-0 0-0 9. Re1 b6 10. Nf1 Bb7 11. Bg5 h6 12. Bh4 Rfe8 13. Rc1 Nd5 14. Bg3 Bd6 15. Bxd6 Qxd6 16. Ng3 f5 17. Ne5 Nxe5 18. Rxe5 Nf4 19. Bf1 Qc6 20. f3 Ng6 21. Re1 Nh4 22. Qe2 f4 23. Ne4 Rf8 24. Qb5 Rf5 25. Qxc6 Bxc6 26. Kf2 Raf8 27. Nd6 Rd5 28. Nc4 Rdf5 29. Ne5 Rg5 30. Nxc6 dxc6 31. Rxe6 Rf6 32. Rce1 Rxe6 33. Rxe6 c5 34. g3 fxg3+ 35. hxg3 Nf5 36. g4 cxd4 37. gxf5 dxc3 38. bxc3 Rxf5 39. Ke3 Kf7 40. Re4 a5 41. Rf4 Rxf4 42. Kxf4 1-0

[Event "GER-ch Seniors 65+ 30th"]
[Site "Hamburg"]
[Date "2018.07.29"]
[Round "9"]
[White "Giesen, Dieter"]
[Black "Petzold, Hans"]
[Result "1-0"]
[WhiteElo "2190"]
[BlackElo "2042"]
[PlyCount "47"]
[EventDate "2018.07.21"]
[EventType "swiss"]
[EventRounds "9"]
[EventCountry "GER"]
[SourceTitle "EXT 2020"]
[Source "ChessBase"]
[SourceDate "2019.10.17"]
[SourceVersion "1"]
[SourceVersionDate "2019.10.17"]
[SourceQuality "1"]

1. e4 e6 2. d4 d5 3. e5 c5 4. c3 Qd7 5. Bd3 b6 6. Qe2 Nc6 7. Nf3 a6 8. a3 Na5 9. Nbd2 b5 10. dxc5 Qc7 11. b4 Nc4 12. Nxc4 bxc4 13. Bc2 Bd7 14. 0-0 f5 15. exf6 gxf6 16. Nd4 Qe5 17. Qf3 Bh6 18. Bxh6 Nxh6 19. Rfe1 Qg5 20. Nxe6 Bxe6 21. Rxe6+ Kf7 22. h4 Qxh4 23. Qxd5 Rhf8 24. Re4+ 1-0

[Event "GER-ch Seniors 65"]
[Site "Hamburg"]
[Date "2018.07.27"]
[Round "7"]
[White "Giesen, Dieter"]
[Black "Lomer, Edmund"]
[Result "1/2-1/2"]
[WhiteElo "2190"]
[BlackElo "2043"]
[PlyCount "64"]
[EventDate "2018.07.21"]
[EventType "swiss"]
[EventRounds "9"]
[EventCountry "GER"]
[SourceTitle "CBM 186 Extra"]
[Source "ChessBase"]
[SourceDate "2018.08.24"]
[SourceVersion "1"]
[SourceVersionDate "2018.08.24"]
[SourceQuality "1"]

1. e4 d5 2. exd5 Qxd5 3. Nc3 Qa5 4. d4 c6 5. Bc4 Bf5 6. Nf3 Nf6 7. Bd2 Qc7 8. Ne5 e6 9. g4 Be4 10. f3 Bd5 11. Nxd5 Nxd5 12. Qe2 Bd6 13. 0-0-0 Nd7 14. Rhf1 Bxe5 15. dxe5 0-0-0 16. f4 Rhe8 17. h4 N5b6 18. Ba5 Nc5 19. Qf2 Rxd1+ 20. Rxd1 Qe7 21. Be2 Rd8 22. Rxd8+ Kxd8 23. Qd4+ Ncd7 24. h5 Qc5 25. Qxc5 Nxc5 26. Bxb6+ axb6 27. Kd2 Ke7 28. Ke3 f6 29. exf6+ Kxf6 30. b4 Nd7 31. g5+ Ke7 32. Ke4 h6 1/2-1/2

[Event "GER-ch Seniors 65"]
[Site "Hamburg"]
[Date "2018.07.25"]
[Round "5"]
[White "Giesen, Dieter"]
[Black "Pfitzer, Norbert"]
[Result "1/2-1/2"]
[WhiteElo "2190"]
[BlackElo "2040"]
[PlyCount "43"]
[EventDate "2018.07.21"]
[EventType "swiss"]
[EventRounds "9"]
[EventCountry "GER"]
[SourceTitle "CBM 186 Extra"]
[Source "ChessBase"]
[SourceDate "2018.08.24"]
[SourceVersion "1"]
[SourceVersionDate "2018.08.24"]
[SourceQuality "1"]

1. e4 d6 2. d4 Nf6 3. Nc3 e5 4. Nf3 exd4 5. Nxd4 Be7 6. Be2 0-0 7. 0-0 Nc6 8. Nxc6 bxc6 9. f4 Bb7 10. Bf3 Re8 11. Be3 Bf8 12. Re1 c5 13. Bf2 c6 14. Bh4 Qc7 15. Qd2 Nd7 16. Rad1 f6 17. Bg3 Rad8 18. Qe2 d5 19. e5 f5 20. Bf2 Nf6 21. Bh4 Rb8 22. Qd3 1/2-1/2

[Event "GER-chT Seniors 26th"]
[Site "Templin"]
[Date "2017.09.29"]
[Round "5.1"]
[White "Kyas, Juergen"]
[Black "Giesen, Dieter"]
[Result "1/2-1/2"]
[WhiteElo "2200"]
[BlackElo "2215"]
[PlyCount "20"]
[EventDate "2017.09.25"]
[EventType "team-swiss"]
[EventRounds "7"]
[EventCountry "GER"]
[SourceTitle "EXT 2019"]
[Source "ChessBase"]
[SourceDate "2018.10.10"]
[SourceVersion "1"]
[SourceVersionDate "2018.10.10"]
[SourceQuality "1"]
[WhiteTeam "Sachsen"]
[BlackTeam "Rheinland Pfalz"]
[WhiteTeamCountry "GER"]
[BlackTeamCountry "GER"]

1. e4 e5 2. Bc4 Nf6 3. d3 c6 4. Nf3 Be7 5. 0-0 d6 6. Bb3 0-0 7. Nbd2 Nbd7 8. c3 Qc7 9. Re1 Nc5 10. Bc2 Ne6 1/2-1/2

[Event "GER-chA Seniors 29th"]
[Site "Berlin"]
[Date "2017.08.11"]
[Round "4"]
[White "Giesen, Dieter"]
[Black "Eichner, Christian"]
[Result "1-0"]
[WhiteElo "2214"]
[BlackElo "2051"]
[PlyCount "45"]
[EventDate "2017.08.07"]
[EventType "swiss"]
[EventRounds "9"]
[EventCountry "GER"]
[SourceTitle "EXT 2019"]
[Source "ChessBase"]
[SourceDate "2018.10.10"]
[SourceVersion "1"]
[SourceVersionDate "2018.10.10"]
[SourceQuality "1"]

1. e4 e5 2. Nf3 Nc6 3. Bb5 a6 4. Ba4 Nf6 5. Qe2 b5 6. Bb3 Bc5 7. c3 0-0 8. 0-0 d6 9. h3 h6 10. d3 Be6 11. Be3 Qe7 12. Nbd2 Nh5 13. Nxe5 Nxe5 14. d4 Nf6 15. Bxe6 fxe6 16. dxc5 dxc5 17. f4 Ned7 18. c4 Qf7 19. e5 Qh5 20. Rf3 Nh7 21. cxb5 g5 22. bxa6 gxf4 23. Rg3+ 1-0

[Event "GER-chT Seniors 25th"]
[Site "Magdeburg"]
[Date "2016.10.13"]
[Round "5.13"]
[White "Salov, Sergej"]
[Black "Giesen, Dieter"]
[Result "1-0"]
[WhiteElo "2234"]
[BlackElo "2219"]
[PlyCount "65"]
[EventDate "2016.10.09"]
[EventType "team-swiss"]
[EventRounds "7"]
[EventCountry "GER"]
[SourceTitle "EXT 2019"]
[Source "ChessBase"]
[SourceDate "2018.10.10"]
[SourceVersion "1"]
[SourceVersionDate "2018.10.10"]
[SourceQuality "1"]
[WhiteTeam "Schleswig Holstein"]
[BlackTeam "Rheinland Pfalz"]
[WhiteTeamCountry "GER"]
[BlackTeamCountry "GER"]

1. e4 e5 2. Nf3 Nf6 3. Nxe5 d6 4. Nf3 Nxe4 5. d4 d5 6. Bd3 Bd6 7. 0-0 0-0 8. c4 c6 9. Qc2 Na6 10. a3 Bg4 11. Ne5 Bxe5 12. dxe5 Nac5 13. f3 Nxd3 14. Qxd3 Nc5 15. Qd4 Nb3 16. Qxg4 Nxa1 17. Bh6 g6 18. Bxf8 Qxf8 19. cxd5 Qc5+ 20. Kh1 cxd5 21. e6 f5 22. Qa4 Qc6 23. Qxc6 bxc6 24. Rc1 Rc8 25. Nd2 Re8 26. Rxa1 Rxe6 27. Kg1 Re2 28. Rd1 d4 29. b4 d3 30. Nc4 Rc2 31. Ne5 d2 32. Kf2 Rc3 33. Rxd2 1-0

[Event "GER-chT Seniors 24th"]
[Site "Berlin"]
[Date "2015.09.07"]
[Round "2.1"]
[White "Giesen, Dieter"]
[Black "Khanukov, Boris"]
[Result "1-0"]
[WhiteElo "2201"]
[BlackElo "2334"]
[PlyCount "87"]
[EventDate "2015.09.06"]
[EventType "team-swiss"]
[EventRounds "7"]
[EventCountry "GER"]
[SourceTitle "EXT 2018"]
[Source "ChessBase"]
[SourceDate "2017.10.13"]
[SourceVersion "1"]
[SourceVersionDate "2017.10.13"]
[SourceQuality "1"]
[WhiteTeam "Rheinland Pfalz Seniors"]
[BlackTeam "NRW Seniors"]
[WhiteTeamCountry "GER"]
[BlackTeamCountry "GER"]

1. e4 g6 2. d4 Bg7 3. Nc3 c6 4. Nf3 d5 5. h3 dxe4 6. Nxe4 Nd7 7. Be2 Ngf6 8. Nxf6+ Nxf6 9. 0-0 0-0 10. c3 Qc7 11. Ne5 Nd7 12. Nxd7 Bxd7 13. Re1 Rad8 14. Bg5 Be6 15. Qa4 h6 16. Bh4 g5 17. Bg3 Qb6 18. Qa3 Rfe8 19. Bh5 Bd5 20. Rac1 Bc4 21. b3 Be6 22. Rxe6 fxe6 23. Bxe8 Rxe8 24. Re1 Kf7 25. b4 Rd8 26. Qb3 Rd5 27. Qd1 c5 28. bxc5 Qc6 29. Qh5+ Kf8 30. Qg6 e5 31. Qf5+ Kg8 32. Bxe5 b5 33. cxb6 axb6 34. c4 Ra5 35. d5 Qe8 36. Bxg7 Kxg7 37. Qe5+ Kg8 38. Qe6+ Qf7 39. Qxb6 Rxa2 40. d6 e6 41. Qe3 e5 42. c5 Rc2 43. d7 Qxd7 44. Qb3+ 1-0

[Event "Wuertemberg-ch Seniors 27th"]
[Site "Freudenstadt"]
[Date "2015.07.08"]
[Round "6"]
[White "Giesen, Dieter"]
[Black "Schrems, Hermann"]
[Result "1/2-1/2"]
[WhiteElo "2214"]
[BlackElo "2034"]
[PlyCount "28"]
[EventDate "2015.07.03"]
[EventType "swiss"]
[EventRounds "9"]
[EventCountry "GER"]
[SourceTitle "EXT 2016"]
[Source "ChessBase"]
[SourceDate "2015.10.08"]
[SourceVersion "1"]
[SourceVersionDate "2015.10.08"]
[SourceQuality "1"]

1. e4 Nf6 2. e5 Nd5 3. d4 d6 4. Nf3 dxe5 5. Nxe5 c6 6. Bc4 Nd7 7. Nf3 g6 8. 0-0 Bg7 9. c3 0-0 10. Re1 N7f6 11. Nbd2 Bf5 12. h3 Rc8 13. Nh4 Be6 14. Bb3 Nc7 1/2-1/2

[Event "Wuertemberg-ch Seniors 27th"]
[Site "Freudenstadt"]
[Date "2015.07.04"]
[Round "2"]
[White "Giesen, Dieter"]
[Black "Gerhardt, Peter Michael"]
[Result "1-0"]
[WhiteElo "2214"]
[BlackElo "2020"]
[PlyCount "101"]
[EventDate "2015.07.03"]
[EventType "swiss"]
[EventRounds "9"]
[EventCountry "GER"]
[SourceTitle "EXT 2016"]
[Source "ChessBase"]
[SourceDate "2015.10.08"]
[SourceVersion "1"]
[SourceVersionDate "2015.10.08"]
[SourceQuality "1"]

1. e4 g6 2. d4 Bg7 3. Nc3 d6 4. Be3 a6 5. a4 b6 6. f4 Bb7 7. Be2 Nd7 8. Bf3 c5 9. d5 h5 10. Nh3 Qc7 11. Ng5 Nh6 12. 0-0 0-0-0 13. h3 Nf8 14. Qe2 Nh7 15. Qc4 Nf6 16. Rfe1 Nd7 17. Qf1 Rhf8 18. Be2 Nb8 19. Bc4 Ng8 20. Qd3 Nf6 21. Bf2 Nfd7 22. Bg3 Rde8 23. Re2 Bf6 24. h4 Bxg5 25. hxg5 f6 26. e5 fxe5 27. fxe5 Nxe5 28. Bxe5 dxe5 29. Qxg6 Nd7 30. Qxh5 Rh8 31. Qg4 e4 32. g3 Kd8 33. Rxe4 Ne5 34. Qf4 Nxc4 35. Rxc4 e5 36. Qf6+ Kc8 37. Rf1 Kb8 38. Rh4 Rhg8 39. g6 e4 40. Kg2 e3 41. Rh7 e2 42. Re1 Qd8 43. Qxd8+ Rxd8 44. Rxe2 Rxg6 45. Ree7 Ba8 46. Rh5 Rdg8 47. Re3 Rg5 48. Rxg5 Rxg5 49. Re8+ Ka7 50. Rd8 Bb7 51. Kf3 1-0

[Event "Wch Seniors 23rd"]
[Site "Opatija"]
[Date "2013.11.15"]
[Round "4"]
[White "Giesen, Dieter"]
[Black "Ladisic, Alex Sacha"]
[Result "1/2-1/2"]
[WhiteElo "2235"]
[BlackElo "1948"]
[PlyCount "81"]
[EventDate "2013.11.12"]
[EventType "swiss"]
[EventRounds "11"]
[EventCountry "CRO"]
[SourceTitle "CBM 157 Extra"]
[Source "ChessBase"]
[SourceDate "2013.12.19"]
[SourceVersion "1"]
[SourceVersionDate "2013.12.19"]
[SourceQuality "1"]

1. e4 e5 2. Nf3 Nc6 3. Bb5 a6 4. Ba4 Nf6 5. Qe2 Be7 6. c3 b5 7. Bb3 0-0 8. 0-0 d6 9. h3 Na5 10. Bc2 c5 11. d3 Qc7 12. a3 c4 13. d4 Bd7 14. Be3 Rfe8 15. Nbd2 h6 16. d5 Rab8 17. Nh2 Nh7 18. f4 exf4 19. Bxf4 Bg5 20. Qf3 Bxf4 21. Qxf4 f6 22. Rae1 Bc8 23. Re3 Qe7 24. Rg3 Kh8 25. Nhf3 g5 26. Qe3 h5 27. Nd4 h4 28. Rgf3 Rb7 29. Nf5 Bxf5 30. Rxf5 Qc7 31. Qf3 Re5 32. Kh1 Rxf5 33. Qxf5 Qd7 34. Qf2 Qe7 35. Nf3 Rb8 36. Nh2 Nb3 37. Ng4 Rf8 38. Bxb3 cxb3 39. Qd4 a5 40. Rf5 a4 41. Nf2 1/2-1/2

[Event "Wch Seniors 23rd"]
[Site "Opatija"]
[Date "2013.11.13"]
[Round "2"]
[White "Giesen, Dieter"]
[Black "Hulak, Krunoslav"]
[Result "1/2-1/2"]
[WhiteElo "2235"]
[BlackElo "2473"]
[PlyCount "119"]
[EventDate "2013.11.12"]
[EventType "swiss"]
[EventRounds "11"]
[EventCountry "CRO"]
[SourceTitle "CBM 157 Extra"]
[Source "ChessBase"]
[SourceDate "2013.12.19"]
[SourceVersion "1"]
[SourceVersionDate "2013.12.19"]
[SourceQuality "1"]

1. e4 c5 2. c3 d5 3. exd5 Qxd5 4. d4 Nf6 5. Nf3 e6 6. Be2 Be7 7. 0-0 0-0 8. c4 Qd8 9. dxc5 Bxc5 10. Nc3 Nc6 11. Bg5 h6 12. Bh4 g5 13. Bg3 Nh5 14. Qxd8 Rxd8 15. Rfd1 Nxg3 16. hxg3 Bd7 17. Ne4 Be7 18. a3 Be8 19. Rxd8 Rxd8 20. Rd1 Rxd1+ 21. Bxd1 f5 22. Nc3 g4 23. Ne1 Ne5 24. Be2 Bg5 25. f4 gxf3 26. gxf3 Bc1 27. Nd1 Ba4 28. f4 Bxd1 29. Bxd1 Nxc4 30. Bb3 b5 31. a4 a6 32. axb5 axb5 33. Nd3 Be3+ 34. Kg2 Bd4 35. Ba2 Kf7 36. b3 Nd2 37. b4 Ke7 38. Kh3 Nc4 39. Kh4 Nd6 40. Bb3 Ne4 41. Bd1 Nf6 42. Be2 Kd6 43. Ne5 Bxe5 44. fxe5+ Kxe5 45. Bxb5 Nd5 46. Kh5 Nxb4 47. Kxh6 Nd5 48. Kg5 Nf6 49. Bc4 Ne4+ 50. Kh4 Kf6 51. Kh3 e5 52. Kg2 Ng5 53. Ba6 e4 54. Kf2 Ke5 55. Bc8 Nf7 56. Ke3 Nd6 57. Ba6 Kd5 58. Bf1 Nc4+ 59. Bxc4+ Kxc4 60. g4 1/2-1/2

[Event "Wuerttemberg-ch Seniors op 25th"]
[Site "Freudenstadt"]
[Date "2013.07.06"]
[Round "1"]
[White "Giesen, Dieter"]
[Black "Blutharsch, Walter"]
[Result "1-0"]
[WhiteElo "2254"]
[BlackElo "1875"]
[PlyCount "85"]
[EventDate "2013.07.06"]
[EventType "swiss"]
[EventRounds "9"]
[EventCountry "GER"]
[SourceTitle "EXT 2019"]
[Source "ChessBase"]
[SourceDate "2018.10.10"]
[SourceVersion "1"]
[SourceVersionDate "2018.10.10"]
[SourceQuality "1"]

1. e4 e5 2. Nf3 Nc6 3. Bb5 a6 4. Ba4 Nf6 5. Qe2 Be7 6. c3 0-0 7. 0-0 b5 8. Bc2 Qe8 9. d4 d6 10. h3 Bd7 11. Rd1 Kh8 12. Nbd2 Ng8 13. Nf1 Bf6 14. Ne3 Nce7 15. Ng4 Ng6 16. Nxf6 Nxf6 17. Bg5 Ng8 18. g4 Qc8 19. Nh2 f6 20. Be3 N8e7 21. a4 Nh4 22. f4 exf4 23. Bxf4 g5 24. Bg3 Neg6 25. Rf1 Qe8 26. axb5 axb5 27. Bd3 Rxa1 28. Rxa1 Qb8 29. Nf1 Re8 30. Qf2 Kg7 31. Ne3 Bc6 32. Rf1 Qd8 33. Nd5 Rf8 34. Ra1 Qb8 35. Ne3 Qb7 36. d5 Bd7 37. Nc2 Ra8 38. Rf1 Rf8 39. Nd4 Qc8 40. Bxb5 Bxb5 41. Nxb5 Ne5 42. Bxh4 gxh4 43. Nd4 1-0

[Event "Wuerttemberg-ch Seniors op 25th"]
[Site "Freudenstadt"]
[Date "2013.07.06"]
[Round "5"]
[White "Giesen, Dieter"]
[Black "Just, Gabriele"]
[Result "1/2-1/2"]
[WhiteElo "2254"]
[BlackElo "1902"]
[PlyCount "64"]
[EventDate "2013.07.06"]
[EventType "swiss"]
[EventRounds "9"]
[EventCountry "GER"]
[SourceTitle "EXT 2019"]
[Source "ChessBase"]
[SourceDate "2018.10.10"]
[SourceVersion "1"]
[SourceVersionDate "2018.10.10"]
[SourceQuality "1"]

1. e4 e6 2. d4 d5 3. e5 c5 4. c3 Bd7 5. Nf3 Qb6 6. a3 cxd4 7. cxd4 Bb5 8. Bxb5+ Qxb5 9. b4 Nc6 10. Nc3 Qb6 11. Qd3 Nge7 12. Na4 Qc7 13. Bb2 Nf5 14. g4 Nh6 15. h3 a6 16. Rc1 Rc8 17. 0-0 Be7 18. Rc2 0-0 19. Rfc1 f6 20. Nc5 Bxc5 21. Rxc5 Qf7 22. Qc3 f5 23. g5 f4 24. Qd2 Qh5 25. gxh6 Qxf3 26. Kh2 Rf5 27. R5c3 Qh5 28. hxg7 Rc7 29. Rg1 Rxg7 30. Rxg7+ Kxg7 31. Rc1 Qf3 32. Rc3 Qh5 1/2-1/2

[Event "Wuerttemberg-ch Seniors op 25th"]
[Site "Freudenstadt"]
[Date "2013.07.06"]
[Round "8"]
[White "Lainburg, Viktor"]
[Black "Giesen, Dieter"]
[Result "0-1"]
[WhiteElo "2181"]
[BlackElo "2254"]
[PlyCount "68"]
[EventDate "2013.07.06"]
[EventType "swiss"]
[EventRounds "9"]
[EventCountry "GER"]
[SourceTitle "EXT 2019"]
[Source "ChessBase"]
[SourceDate "2018.10.10"]
[SourceVersion "1"]
[SourceVersionDate "2018.10.10"]
[SourceQuality "1"]

1. d4 d5 2. Bg5 c6 3. e3 Qb6 4. b3 Bf5 5. Bd3 Bxd3 6. Qxd3 Nd7 7. Nf3 a5 8. 0-0 Ngf6 9. Nbd2 h6 10. Bf4 e6 11. h3 Be7 12. c4 0-0 13. Rfd1 c5 14. g4 Rfd8 15. Bg3 Qc6 16. cxd5 exd5 17. a4 b6 18. Rac1 Ne4 19. Ne5 Nxe5 20. Bxe5 Rac8 21. Nxe4 dxe4 22. Qc4 Qg6 23. Qe2 Qe6 24. Qc4 Rd5 25. Qa6 h5 26. Bg3 hxg4 27. hxg4 Qxg4 28. Qf1 Rcd8 29. Qg2 R8d7 30. Rd2 cxd4 31. Rc8+ Bd8 32. exd4 Rxd4 33. Rxd4 Rxd4 34. Kh2 Qxc8 0-1

[Event "Oberliga Ost-B 0607"]
[Site "Germany"]
[Date "2007.02.04"]
[Round "5.1"]
[White "Giesen, Dieter"]
[Black "Walther, Cliff"]
[Result "1-0"]
[WhiteElo "2269"]
[BlackElo "2133"]
[PlyCount "35"]
[EventDate "2006.10.15"]
[EventType "team-tourn"]
[EventRounds "11"]
[EventCountry "GER"]
[SourceTitle "EXT 2008"]
[Source "ChessBase"]
[SourceDate "2007.11.25"]
[SourceVersion "1"]
[SourceVersionDate "2007.11.25"]
[SourceQuality "1"]
[WhiteTeam "Wiesbaden"]
[BlackTeam "Erfurt Medizin"]
[WhiteTeamCountry "GER"]
[BlackTeamCountry "GER"]

1. e4 g6 2. d4 Bg7 3. Nc3 d6 4. Be3 a6 5. a4 Nd7 6. Nf3 Ngf6 7. Bc4 Ng4 8. Bxf7+ Kxf7 9. Ng5+ Kg8 10. Qxg4 Nf6 11. Qe2 h6 12. Nf3 Kh7 13. h3 Bd7 14. e5 Ne8 15. 0-0 Rf8 16. Rad1 Bf5 17. Nh4 c6 18. g4 1-0

[Event "Oberliga Ost-B 0506"]
[Site "Germany"]
[Date "2006.04.01"]
[Round "10.1"]
[White "Bastian, Martin"]
[Black "Giesen, Dieter"]
[Result "0-1"]
[WhiteElo "2257"]
[BlackElo "2251"]
[PlyCount "64"]
[EventDate "2005.11.13"]
[EventType "team-tourn"]
[EventRounds "11"]
[EventCountry "GER"]
[SourceTitle "EXT 2007"]
[Source "ChessBase"]
[SourceDate "2006.11.23"]
[SourceVersion "1"]
[SourceVersionDate "2006.11.23"]
[SourceQuality "1"]
[WhiteTeam "Offenbach"]
[BlackTeam "Wiesbaden"]
[WhiteTeamCountry "GER"]
[BlackTeamCountry "GER"]

1. e4 e5 2. Nf3 Nf6 3. Nxe5 d6 4. Nxf7 Kxf7 5. d4 c5 6. dxc5 d5 7. e5 Qe8 8. Qe2 Ne4 9. Qf3+ Kg8 10. Bf4 Bxc5 11. Nd2 Bxf2+ 12. Kd1 Nxd2 13. Kxd2 Bb6 14. Re1 Be6 15. Kc1 Nc6 16. c3 Qg6 17. Bd3 Qg4 18. Qxg4 Bxg4 19. Rhf1 Be6 20. Bc2 h6 21. h4 Bd8 22. h5 Bg5 23. Bxg5 hxg5 24. Bf5 Bxf5 25. Rxf5 Rxh5 26. e6 Ne7 27. Rf7 Re8 28. Re5 g6 29. g4 Rh7 30. Rf2 Rf8 31. Rg2 Rh1+ 32. Kc2 Rhf1 0-1

[Event "Oberliga Ost-B 0506"]
[Site "Germany"]
[Date "2006.01.15"]
[Round "5.1"]
[White "Giesen, Dieter"]
[Black "Voekler, Bernd"]
[Result "0-1"]
[WhiteElo "2251"]
[BlackElo "2379"]
[PlyCount "68"]
[EventDate "2005.11.13"]
[EventType "team-tourn"]
[EventRounds "11"]
[EventCountry "GER"]
[SourceTitle "EXT 2007"]
[Source "ChessBase"]
[SourceDate "2006.11.23"]
[SourceVersion "1"]
[SourceVersionDate "2006.11.23"]
[SourceQuality "1"]
[WhiteTeam "Wiesbaden"]
[BlackTeam "Erfurt II"]
[WhiteTeamCountry "GER"]
[BlackTeamCountry "GER"]

1. e4 c5 2. Nf3 d6 3. d4 cxd4 4. Nxd4 Nf6 5. Nc3 a6 6. Be2 e5 7. Nb3 Be7 8. 0-0 0-0 9. Re1 Nbd7 10. Bf1 b6 11. a4 Bb7 12. Bc4 Qc7 13. Qe2 Rfc8 14. Nd2 Nf8 15. Nd5 Nxd5 16. exd5 Ng6 17. Bb3 Nf4 18. Qe4 Qc5 19. c4 f5 20. Qf3 b5 21. axb5 axb5 22. Rxa8 Bxa8 23. g3 bxc4 24. gxf4 cxb3 25. Qxb3 Bh4 26. Rf1 Bxd5 27. Qe3 Qxe3 28. fxe3 exf4 29. exf4 Bf6 30. Rd1 Bd4+ 31. Kf1 Be3 32. b3 Bxf4 33. Nc4 Bxc4+ 34. bxc4 Bxh2 0-1

[Event "Oberliga Ost-B 0405"]
[Site "Germany"]
[Date "2005.04.09"]
[Round "10.1"]
[White "Haensel, Thomas"]
[Black "Giesen, Dieter"]
[Result "1/2-1/2"]
[WhiteElo "2310"]
[BlackElo "2218"]
[PlyCount "40"]
[EventDate "2004.10.10"]
[EventType "team-tourn"]
[EventRounds "11"]
[EventCountry "GER"]
[SourceTitle "EXT 2006"]
[Source "ChessBase"]
[SourceDate "2005.11.24"]
[SourceVersion "1"]
[SourceVersionDate "2005.11.24"]
[SourceQuality "1"]
[WhiteTeam "Erfurt Empor"]
[BlackTeam "Wiesbaden"]
[WhiteTeamCountry "GER"]
[BlackTeamCountry "GER"]

1. e4 e5 2. Nf3 Nf6 3. Nc3 Nc6 4. Bb5 Bb4 5. 0-0 0-0 6. d3 d6 7. Bg5 Bxc3 8. bxc3 Qe7 9. Re1 Nd8 10. d4 Ne6 11. Bc1 c5 12. d5 Nc7 13. Bd3 b5 14. a4 c4 15. Bf1 a6 16. h3 Bd7 17. g4 Rfc8 18. a5 Rab8 19. Ba3 h6 20. Nh2 g5 1/2-1/2